Statistical physics : (Record no. 196098)
[ view plain ]
| 000 -LEADER | |
|---|---|
| fixed length control field | 00889 a2200169 4500 |
| 003 - CONTROL NUMBER IDENTIFIER | |
| control field | NUST |
| 005 - DATE AND TIME OF LATEST TRANSACTION | |
| control field | 20230712121259.0 |
| 010 ## - LIBRARY OF CONGRESS CONTROL NUMBER | |
| LC control number | 6466016 |
| 040 ## - CATALOGING SOURCE | |
| Transcribing agency | Nust |
| 082 ## - DEWEY DECIMAL CLASSIFICATION NUMBER | |
| Classification number | 515.5,REI |
| 245 ## - TITLE STATEMENT | |
| Title | Statistical physics : |
| Remainder of title | berkeley physics course-vol-5 / |
| Statement of responsibility, etc. | Reif, F. |
| 260 ## - PUBLICATION, DISTRIBUTION, ETC. | |
| Place of publication, distribution, etc. | New York |
| Name of publisher, distributor, etc. | McGraw Hill |
| Date of publication, distribution, etc. | 1965 |
| 300 ## - PHYSICAL DESCRIPTION | |
| Extent | 398 p.: |
| 505 ## - FORMATTED CONTENTS NOTE | |
| Formatted contents note | Characteristic features of microscopic systems (Page-1), Basic probability concepts (Page-55), Statistical description of systems of particles (Page-99), Thermal interaction (Page-141), Microscopic theory and microscopic measurement (Page-191), Canonical distribution in the classical approximation (Page-223), General thermodynamic interaction (Page-265), Elementary kinetic theory of transport processes (Page-317), Appendix (Page-349), Mathematical notes (Page-363). |
| 650 ## - SUBJECT ADDED ENTRY--TOPICAL TERM | |
| Topical term or geographic name entry element | Statistical physics |
| 9 (RLIN) | 10656 |
| 942 ## - ADDED ENTRY ELEMENTS (KOHA) | |
| Source of classification or shelving scheme | |
| Koha item type | Book |
| Call number prefix | 515.5,REI |
| Withdrawn status | Lost status | Source of classification or shelving scheme | Damaged status | Not for loan | Permanent Location | Current Location | Shelving location | Date acquired | Full call number | Barcode | Date last seen | Price effective from | Koha item type | Public note |
|---|---|---|---|---|---|---|---|---|---|---|---|---|---|---|
| Military College of Signals (MCS) | Military College of Signals (MCS) | General Stacks | 12/12/2016 | 515.5,REI | MCS34610 | 12/08/2016 | 12/12/2016 | Book | Almirah No.13, Shelf No.5 | |||||
| Military College of Signals (MCS) | Military College of Signals (MCS) | General Stacks | 07/12/2023 | 539,REI | MCS20662 | 07/12/2023 | 07/12/2023 | Book | Almirah No.77, Shelf No.3 |
